Microsoft Visual Basic 2005 Express Edition programming for the absolute beginner / (Record no. 3521)

000 -LEADER
fixed length control field 01109cam a22003377a 4500
001 - CONTROL NUMBER
control field 13895355
003 - CONTROL NUMBER IDENTIFIER
control field OSt
005 - DATE AND TIME OF LATEST TRANSACTION
control field 20161012145205.0
008 - FIXED-LENGTH DATA ELEMENTS--GENERAL INFORMATION
fixed length control field 050310s2006 maua e 000 0 eng d
010 ## - LIBRARY OF CONGRESS CONTROL NUMBER
LC control number 2005923914
015 ## - NATIONAL BIBLIOGRAPHY NUMBER
National bibliography number GBA529551
Source bnb
016 7# - NATIONAL BIBLIOGRAPHIC AGENCY CONTROL NUMBER
Record control number 013170746
Source Uk
020 ## - INTERNATIONAL STANDARD BOOK NUMBER
International Standard Book Number 9781592008148 (pbk.)
035 ## - SYSTEM CONTROL NUMBER
System control number (OCoLC)ocm63513770
040 ## - CATALOGING SOURCE
Original cataloging agency EQO
Transcribing agency EQO
Modifying agency UKM
-- BAKER
-- DAY
-- DLC
042 ## - AUTHENTICATION CODE
Authentication code lccopycat
050 00 - LIBRARY OF CONGRESS CALL NUMBER
Classification number QA76.73.F64 2006
082 00 - DEWEY DECIMAL CLASSIFICATION NUMBER
Classification number 005.2/768
Edition number 22
100 1# - MAIN ENTRY--PERSONAL NAME
Personal name Ford, Jerry Lee,
Titles and other words associated with a name Jr.
245 10 - TITLE STATEMENT
Title Microsoft Visual Basic 2005 Express Edition programming for the absolute beginner /
Statement of responsibility, etc Jerry Lee Ford, Jr.
260 ## - PUBLICATION, DISTRIBUTION, ETC. (IMPRINT)
Place of publication, distribution, etc Boston, MA :
Name of publisher, distributor, etc Thomson Course Technology PTR,
Date of publication, distribution, etc c2006.
300 ## - PHYSICAL DESCRIPTION
Extent xii, 427 p. :
Other physical details ill. ;
Dimensions 24 cm.
504 ## - BIBLIOGRAPHY, ETC. NOTE
Bibliography, etc includes indexes
630 00 - SUBJECT ADDED ENTRY--UNIFORM TITLE
Uniform title Visual Basic.
650 #0 - SUBJECT ADDED ENTRY--TOPICAL TERM
Topical term or geographic name as entry element BASIC (Computer program language)
650 #0 - SUBJECT ADDED ENTRY--TOPICAL TERM
Topical term or geographic name as entry element Computer programming.
906 ## - LOCAL DATA ELEMENT F, LDF (RLIN)
a 7
b cbc
c copycat
d 3
e ncip
f 20
g y-gencatlg
942 ## - ADDED ENTRY ELEMENTS (KOHA)
Source of classification or shelving scheme
Koha item type Book
Holdings
Withdrawn status Lost status Source of classification or shelving scheme Damaged status Not for loan Home library Current library Shelving location Date acquired Total Checkouts Full call number Barcode Date last seen Copy number Price effective from Koha item type
          Riara University Library Riara University Library General stack 12/10/2016   QA76.73.F64 2006 6270/15 12/10/2016 C.1 12/10/2016 Book

Riara University Library,
P.O. Box 49940-00100,
Nairobi, Kenya.